First 12 Presidents of the US - Statistics

General Stats
  • This quiz has been taken 26 times
  • The average score is 10 of 12
Answer Stats
Hint Answer % Correct
April 30, 1789-March 4, 1797 George Washington
100%
March 4, 1797-March 4, 1801 John Adams
100%
March 4, 1825-March 4, 1829 John Quincy Adams
100%
March 4, 1801-March 4, 1809 Thomas Jefferson
100%
March 4, 1809-March 4, 1817 James Madison
86%
March 4, 1845-March 4, 1849 James Polk
77%
April 4, 1841-March 4, 1845 John Tyler
77%
March 4, 1829-March 4, 1837 Andrew Jackson
73%
March 4, 1817-March 4, 1825 James Monroe
73%
March 4, 1837-March 4, 1841 Martin Van Buren
73%
March 4, 1849-July 9, 1850 Zach Taylor
73%
March 4, 1841-April 4, 1841 William Henry Harrison
59%
No matching quizzes found
Score Distribution
Percent of People with Each Score
Percentile by Number Answered
Your Score History
You have not taken this quiz